DC Dutta's Textbook of Gynecology (Record no. 369247)
[ view plain ]
| 000 -LEADER | |
|---|---|
| fixed length control field | 00657nam a2200193 4500 |
| 005 - DATE AND TIME OF LATEST TRANSACTION | |
| control field | 20251202162244.0 |
| 008 - FIXED-LENGTH DATA ELEMENTS--GENERAL INFORMATION | |
| fixed length control field | 251202b |||||||| |||| 00| 0 eng d |
| 020 ## - INTERNATIONAL STANDARD BOOK NUMBER | |
| International Standard Book Number | 978-93-5696-855-4 |
| 041 ## - LANGUAGE CODE | |
| Language code of text/sound track or separate title | Eng |
| 082 ## - DEWEY DECIMAL CLASSIFICATION NUMBER | |
| Edition number | 9th ed. |
| Classification number | OG 618.1 KON B11910 |
| 100 ## - MAIN ENTRY--PERSONAL NAME | |
| Author | Konar, Hiralal |
| 245 ## - TITLE STATEMENT | |
| Title | DC Dutta's Textbook of Gynecology |
| 250 ## - EDITION STATEMENT | |
| Edition statement | 9th ed. /RP2025 |
| 260 ## - PUBLICATION, DISTRIBUTION, ETC. | |
| Place of publication, distribution, etc. | Jaypee Brothers Medical Publishers |
| Name of publisher, distributor, etc. | New Delhi |
| Date of publication, distribution, etc. | 2024 |
| 300 ## - PHYSICAL DESCRIPTION | |
| Extent | xxxviii,660p. |
| Other physical details | pb |
| Dimensions | 26.5x21cm |
| 365 ## - TRADE PRICE | |
| Price type code | Rupaye |
| Price amount | 1395 |
| Currency code | INR |
| 521 ## - TARGET AUDIENCE NOTE | |
| Target audience note | DC Dutta's Textbook of Gynecology <br/>Videos, Animations, Case presentations MCQ and high yield topics for NEET/NEXT |
| 942 ## - ADDED ENTRY ELEMENTS (KOHA) | |
| Koha item type | Books |
No items available.